LEADER 01669nam 2200337 n 450 001 996395493203316 005 20221108041413.0 035 $a(CKB)3810000000012028 035 $a(EEBO)2240898283 035 $a(UnM)9958754000971 035 $a(EXLCZ)993810000000012028 100 $a19980512d1651 uy 101 0 $aeng 135 $aurbn||||a|bb| 200 14$aThe commendations of the book, which is cal'd Enchiridion arithmeticon, or, A manual of millions$b[electronic resource] $ewherein mens accounts are ready to cast up to their hands; and also of the second part, which is now (with the second edition) lately added thereunto ... /$f... Richard Hodges ... the Autor .. 210 $a[London]$cThe book is also to bee sold by Nicolas Bourn, at the south entrance of the Royal Exchange: and by John Hancock, Lodowick Loyd, and Henry Crips, in Popes-head-Alley$d[1651] 215 $a1 sheet ([1] p.) 300 $aAn advertisement for: Hodges, Richard. Enchiridion arethmeticon. The Bourn/Hancock/Lloyd/Crips edition (Wing H2309) was published in 1651. 300 $aVerse - "Such was the pains and care the autor took,". 300 $aThe verse is signed: R.H. [i.e., Richard Hodges]. 300 $aReproduction of original in the British Library. 330 $aeebo-0018 606 $aReady-reckoners$vEarly works to 1800 615 0$aReady-reckoners 700 $aHodges$b Richard$cSchool-Master.$0126611 801 0$bCu-RivES 801 1$bCu-RivES 906 $aBOOK 912 $a996395493203316 996 $aThe commendations of the book, which is cal'd Enchiridion arithmeticon, or, A manual of millions$92394235 997 $aUNISA LEADER 00869nam a2200253 i 4500 001 991001800889707536 005 20020502204626.0 008 991209s1999 it ||| | ||| 035 $ab10912289-39ule_inst 035 $aLE02377254$9ExL 040 $aDip.to Studi Storici$bita 082 0 $a005 100 1 $aWaymire, Richard$0530267 245 10$aSQL server 7.0 :$bguida completa /$cRichard Waymire and Rick Sawtell 260 $aMilano :$bApogeo,$c1999 650 4$aInformatica - Manuali 650 4$aSQL$xLinguaggio 700 1 $aSawtwll, Rick 907 $a.b10912289$b21-09-06$c28-06-02 912 $a991001800889707536 945 $a LE023 In dep.: Lab. inf. $g1$i2023000045480$lle023$o-$pE0.00$q-$rn$ss $t0$u0$v0$w0$x0$y.i11016589$z28-06-02 996 $aSQL server 7.0$9905563 997 $aUNISALENTO 998 $ale023$b01-01-99$cm$da $e-$feng$git $h0$i1